LEADER 00685nam0 2200217 450 001 000009789 005 20081002084016.0 100 $a20080414d1951----km-y0itay50------ba 101 0 $aeng 102 $aGB 105 $ay-------001yy 200 1 $aProbability theory for statistical methods$fby F. N. David 210 $aCambridge$cCambridge university press$d1951 215 $aIX, 230 p.$d23 cm 700 1$aDavid,$bFlorence Nightingale$0118189 801 0$aIT$bUNIPARTHENOPE$c20081002$gRICA$2UNIMARC 912 $a000009789 951 $a211.1/96$b2307$cNAVA2 951 $a212.1/127$b326/L/CNR$cNAVA2 996 $aProbability Theory for Statistical Methods$9437214 997 $aUNIPARTHENOPE LEADER 01433nam0 22003251i 450 001 UON00244100 005 20231205103602.208 010 $a90-272-1639-8 100 $a20031007d2001 |0itac50 ba 101 $aeng 102 $aNL 105 $a|||| ||||| 200 1 $aˆ(‰Multi) media translation$econcepts, practices, and research$fedited by Yves Gambier, Henrik Gottlieb 210 $aAmsterdam$aPhiladelphia$cJohn Benjamins$d2001 215 $axx, 298 p.$d23 cm 410 1$1001UON00067707$12001 $aBenjamins Translation Library$1210 $aAmsterdam$aPhiladelphia$cJ. Benjamins.$v34 606 $aSISTEMI MULTIMEDIALI$3UONC024659$2FI 606 $aTRADUZIONE ED INTERPRETAZIONE$xCongressi$3UONC053127$2FI 620 $aUS$dPhiladelphia$3UONL000152 620 $aNL$dAmsterdam$3UONL001817 676 $a418.02$cUso standard (Linguistica prescrittiva). Linguistica applicata. Traduzione e interpretariato$v21 702 1$aGAMBIER$bYves$3UONV144479 702 1$aGOTTLIEB$bHenrik$3UONV144480 712 $aJohn Benjamins Publishing Company$3UONV256739$4650 801 $aIT$bSOL$c20250214$gRICA 899 $aSIBA - SISTEMA BIBLIOTECARIO DI ATENEO$2UONSI 912 $aUON00244100 950 $aSIBA - SISTEMA BIBLIOTECARIO DI ATENEO$dSI GLOTT A 4 I 013 $eSI MC 27312 5 013 996 $aMulti) media translation$91123996 997 $aUNIOR LEADER 01545nam0 22003371i 450 001 UON00264833 005 20231205103729.337 010 $a90-04-13927-3 100 $a20050610d2004 |0itac50 ba 101 $aeng 102 $aNL 105 $a|||| ||||| 200 1 $aNarrators, narratees and narratives in Ancient Greek literature$estudies in ancient Greek narrative. Volume one$fedited by Irene De Jong, René Nunlist, Angus Bowie 210 $aLeiden, Boston$cBrill$d2004 215 $axviii, 583 p.$d25 cm 410 1$1001UON00066170$12001 $aMnemosyne$eBibliotheca Classica Batava$fCollegerunt A.D. Leeman, H.W. Pleket, C.J. Ruijgh$v257 606 $aLetteratura greca$xStoria e critica$3UONC028494$2FI 606 $aLETTERATURA NARRATIVA$xAnalisi del discorso$3UONC043363$2FI 620 $aUS$dBoston$3UONL000139 620 $aNL$dLeiden$3UONL003056 676 $a880$cLetteratura greca classica$v21 700 1$aDE_JONG$bIrene$3UONV154772$0690193 701 1$aBOWIE$bAngus$3UONV154773$0690194 701 1$aNÜNLIST$bRené$3UONV085219$0396937 712 $aBrill$3UONV245886$4650 801 $aIT$bSOL$c20260116$gRICA 899 $aSIBA - SISTEMA BIBLIOTECARIO DI ATENEO E ARCHIVIO STORICO$2UONSI 912 $aUON00264833 950 $aSIBA - SISTEMA BIBLIOTECARIO DI ATENEO E ARCHIVIO STORICO$dSI R 0097 $eSI MC 29479 5 996 $aNarrators, narratees and narratives in Ancient Greek literature$91240952 997 $aUNIOR